| 000 | 00935nam a2200289Ia 4500 | ||
|---|---|---|---|
| 005 | 20220317001505.0 | ||
| 008 | 161108s2008 ck g 000 f s | ||
| 020 | _a9789588886770 | ||
| 100 | 1 |
_aVargas Llosa, Mario _d1936- |
|
| 245 | 1 | 3 |
_aLa casa verde _cMario Vargas Llosa |
| 250 | _a1a. edición | ||
| 300 |
_a529 páginas _c19 cm |
||
| 490 | _aContemporánea | ||
| 500 | _aIncluye datos biográficos del autor | ||
| 586 | _aPremio Nobel de Literatura, 2010 | ||
| 650 | 1 | 4 |
_2LEMB _aNovela peruana _ySiglo XX |
| 650 | 1 | 4 |
_2LEMB _aLiteratura peruana _ySiglo XX |
| 650 | 1 | 4 |
_2LEMB _aSelva latinoamericana en la literatura |
| 650 | 1 | 4 |
_2LEMB _aProblemas sociales en la literatura |
| 942 |
_2loc _cBKLIT |
||
| 264 |
_aBogotá _bDebolsillo _c2008 |
||
| 336 |
_atexto _btxt _2rdacontent |
||
| 337 |
_asin mediación _bn _2rdamedia |
||
| 338 |
_avolumen _bnc _2rdacarrier |
||
| 040 |
_aCO-BoRNBP _bspa _erda _cCO-BoRNBP |
||
| 084 | _aN VAR1 | ||
| 999 |
_c7140 _d7140 |
||